000 00526nam a2200193Ia 4500
005 20250326141647.0
008 250326s9999 xx 000 0 und d
020 _a0-333-49528-4
037 _aTextbook
040 _aFMSL
_beng
_cFMSL
041 _aeng
_2eng
084 _aX(Y) M9
_qFMSL
100 _aEatwell John
245 0 _aNew palgrave social economics
_cEatwell John And Others
260 _aLondon
_bLondon, Macmillan
_c1989
300 _axii,297
942 _cTB
_hX(Y) M9
999 _c1291367
_d1291367